Normal view
MARC view
- المرأة المسلمة- الفلسفة الاسلامية- الديموقراطية- الاسلام- تاريخ
Entry Topical Term
001 - CONTROL NUMBER
- control field: 8989
003 - CONTROL NUMBER IDENTIFIER
- control field: JO-AjAnu
005 - DATE AND TIME OF LATEST TRANSACTION
- control field: 20230606071740.0
008 - FIXED-LENGTH DATA ELEMENTS
- fixed length control field: 230606|| aca||aabn | a|a d
040 ## - CATALOGING SOURCE
- Original cataloging agency: JO-AjAnu
- Transcribing agency: JO-AjAnu
150 ## - HEADING--TOPICAL TERM
- Topical term or geographic name entry element: المرأة المسلمة- الفلسفة الاسلامية- الديموقراطية- الاسلام- تاريخ
670 ## - SOURCE DATA FOUND
- Source citation: Work cat.: (JO-AjAnu)4638: الميلاد، زكي, author 8988, الفكر الإسلامي قراءات ومراجعات: التعددية، الديمقراطية، الحداثة، حقوق الإنسان، المرأة، الحركة الإسلامية، النظام العالمي الجديد